Основы теории горения натурального топлива: учебное пособие

Bibliografiske detaljer
Hovedforfatter: Субботин А. Н. Александр Николаевич
Institution som forfatter: Национальный исследовательский Томский политехнический университет (ТПУ) Энергетический институт (ЭНИН) Кафедра парогенераторостроения и парогенераторных установок (ПГС и ПГУ)
Summary:Заглавие с титульного экрана
Электронная версия печатной публикации
В пособии изложены основные положения современной теории горения. Выделены физико-химические процессы, происходящие при горении. Дано физико-химические обоснование происходящих при этом процессов и их количественное описание. Рассмотрены современные представления о механизме и кинетике реакций. В конце каждой главы приведен список вопросов для самопроверки и размещены задачи к главе. Предназначено для студентов, обучающихся по направлению 141100 "Энергетическое машиностроение".
Режим доступа: из корпоративной сети ТПУ
Sprog:russisk
Udgivet: Томск, Изд-во ТПУ, 2013
Fag:
Online adgang:http://www.lib.tpu.ru/fulltext2/m/2014/m069.pdf
Format: MixedMaterials Electronisk Bog
KOHA link:https://koha.lib.tpu.ru/cgi-bin/koha/opac-detail.pl?biblionumber=255316

MARC

LEADER 00000nlm0a2200000 4500
001 255316
005 20231101233020.0
035 |a (RuTPU)RU\TPU\book\277822 
090 |a 255316 
100 |a 20140327d2013 m y0rusy50 ca 
101 0 |a rus 
102 |a RU 
105 |a a j 001zy 
135 |a drcn ---uucaa 
181 0 |a i  
182 0 |a b 
200 1 |a Основы теории горения натурального топлива  |b Электронный ресурс  |e учебное пособие  |f А. Н. Субботин  |g Национальный исследовательский Томский политехнический университет (ТПУ) 
203 |a Текст  |c электронный 
210 |a Томск  |c Изд-во ТПУ  |d 2013 
230 |a 1 компьютерный файл (pdf; 1.6 MB) 
300 |a Заглавие с титульного экрана 
300 |a Электронная версия печатной публикации 
330 |a В пособии изложены основные положения современной теории горения. Выделены физико-химические процессы, происходящие при горении. Дано физико-химические обоснование происходящих при этом процессов и их количественное описание. Рассмотрены современные представления о механизме и кинетике реакций. В конце каждой главы приведен список вопросов для самопроверки и размещены задачи к главе. Предназначено для студентов, обучающихся по направлению 141100 "Энергетическое машиностроение". 
333 |a Режим доступа: из корпоративной сети ТПУ 
337 |a Adobe Reader 
606 1 |a Топливо  |x Горение  |2 stltpush  |3 (RuTPU)RU\TPU\subj\33077  |9 55415 
610 1 |a электронный ресурс 
610 1 |a учебные пособия 
610 1 |a труды учёных ТПУ 
610 1 |a натуральное топливо 
610 1 |a химическое равновесие 
610 1 |a реакции 
610 1 |a кинетика 
610 1 |a диффузия 
610 1 |a массообмен 
610 1 |a тепловое самовоспламенение 
610 1 |a аэродинамические основы 
610 1 |a физико-химические процессы 
675 |a 662.612.3(075.8)  |v 3 
700 1 |a Субботин  |b А. Н.  |c специалист в области теплотехники  |c доцент Томского политехнического университета, доктор физико-математических наук  |f 1945-  |g Александр Николаевич  |2 stltpush  |3 (RuTPU)RU\TPU\pers\28095 
712 0 2 |a Национальный исследовательский Томский политехнический университет (ТПУ)  |b Энергетический институт (ЭНИН)  |b Кафедра парогенераторостроения и парогенераторных установок (ПГС и ПГУ)  |h 120  |2 stltpush  |3 (RuTPU)RU\TPU\col\18681 
801 1 |a RU  |b 63413507  |c 20140327 
801 2 |a RU  |b 63413507  |c 20160616  |g RCR 
856 4 |u http://www.lib.tpu.ru/fulltext2/m/2014/m069.pdf 
942 |c CF